00864nam a2200229Ia 4500003000900000008004100009040001300050040001300063041000800076100001600084245017200100250001000272260002200282260000900304300001000313300001000323490000600333942000700339999001100346952011200357952016500469IT-RoPAU120407s9999 xx 000 0 und d aIT-RoPAU cIT-RoPAU afra aLouis Pirot a"La S. Bible. Texte latin et trad. franc. d’après Les textes originaux avec un commentaire exégetique et theologique. Commencée sous la direction de L. Pirot" aParis aLetouzey et Ané c1946 a12 p. c22 cm v1 cBK c11d11 0010406220_41000000000000071aPAULUSbPAULUSd2012-04-11l0o220.41r2012-04-11 00:00:00w2012-04-11yBK 00104071aPAULUSbPAULUSd2012-04-11l0r2012-04-11 00:00:00w2012-04-11yBKzInserito da: Mario In data: 19 settembre 2011 fondo: Via A.Severo 56 Progr:21412